El conocimiento de Dios
Gorde:
| Egile nagusia: | |
|---|---|
| Formatua: | Liburua |
| Hizkuntza: | gaztelania |
| Argitaratua: |
Antofagasta
Universidad Católica de Norte
1993
|
| Gaiak: | |
| Etiketak: |
Etiketa erantsi
Etiketarik gabe, Izan zaitez lehena erregistro honi etiketa jartzen!
|
MARC
| LEADER | 00000nam a2200000 a 4500 | ||
|---|---|---|---|
| 001 | UCX6978 | ||
| 003 | CL-VaPUC | ||
| 008 | 930907e19930000CL |||||||||||||||||spa|d | ||
| 082 | 0 | 4 | |a 190.4 |b TOM |2 21 |
| 100 | |a Tomás de Aquino |d 1220-1274 |c Santo |e author |9 255832 | ||
| 245 | 1 | 3 | |a El conocimiento de Dios |
| 300 | |a 148 p | ||
| 942 | |c BK | ||
| 945 | |d 19930907 00:00:00 | ||
| 260 | |a Antofagasta |b Universidad Católica de Norte |c 1993 | ||
| 650 | 0 | |a Escolasticismo |9 264998 | |
| 650 | 0 | |a Tomismo |9 259214 | |
| 583 | |a last modification |c 19930907 00:00:00 |k Rodrigo Vera | ||
| 999 | |c 226906 |d 226904 | ||
| 952 | |0 0 |1 0 |4 0 |6 190_400000000000000_TOM_1993 |7 0 |8 A |9 225562 |a BIBTEO |b BIBTEO |d 2019-11-15 |i 2942445 |o 190.4 TOM 1993 |p 2942445 |r 2025-01-17 |w 2019-11-15 |y BK |k ICR | ||